000 00671nam a2200277Ia 4500
005 20260324131944.0
008 008 260324s9999 xx 000 0 eng d
020 _a9781351282680
037 _aEBOOK
040 _aCRL
040 _beng
040 _cCRL
041 _2eng
041 _aeng
084 _qCRL
100 _aJonathan Chenoweth; Juliet Bird
_91187483
245 4 _aThe Business of Water and Sustainable Development
260 _bTaylor and Francis
260 _c2005
365 _a
365 _b99.99
856 _uhttp://www.taylorfrancis.com/books/9781351282680
942 _cEBOOK
999 _c1785102
_d1785102